Estadísticas para Países que contienen la letra M

Haz click aquí para intentar la prueba.

Estadísticas generales

  • Esta prueba ha sido intentada 1.384 veces
    (1.381 desde el último reinicio)
  • La puntuación promedio es 43 de 52

Estadísticas de respuestas

País% Correcto
México
97%
Marruecos
94%
Malí
93%
Mauritania
93%
Alemania
91%
Madagascar
91%
República de Macedonia
90%
Malta
89%
Mónaco
89%
Malasia
88%
Maldivas
88%
Mongolia
88%
Montenegro
88%
Mozambique
88%
Zambia
88%
Zimbabue
88%
Dominica
86%
Mauricio
86%
Moldavia
86%
República Dominicana
86%
Colombia
85%
Armenia
84%
Omán
84%
San Marino
83%
Dinamarca
82%
Estados Federados de Micronesia
82%
Camboya
81%
Emiratos Árabes Unidos
81%
Malaui
81%
Panamá
81%
Yemen
81%
Guatemala
80%
Comoras
79%
Luxemburgo
79%
Namibia
79%
Rumanía
79%
Somalia
79%
Bahamas
78%
Camerún
78%
Gambia
78%
Surinam
78%
Islas Marshall
77%
Santo Tomé y Príncipe
76%
Vietnam
76%
Jamaica
75%
República Democrática del Congo
75%
Islas Salomón
73%
Samoa
73%
Turkmenistán
73%
Costa de Marfil
72%
Birmania
71%
Timor Oriental
69%

Distribución de puntuación

Porcentaje por número respondido

Porcentaje de gente con cada puntuación

Historial de tus puntuaciones

No has intentado esta prueba desde el último reinicio